000 00349pab a2200145 454500
008 180718b1999 xxu||||| |||| 00| 0 eng d
100 _aHolgate, Geoff
245 _aHealth and safety at work: protecting the police
260 _c1999
300 _ap.325-32
362 _aOct-Dec
650 _aPolice
773 _aPolice Journal
909 _a42926
999 _c42926
_d42926